000
00198 a2200097 4500
001
45594
100
_a
Vizinczey, S
245
_a
An innocentt millionair
260
_a
_b
_c
090
_c
28757
_d
28757
942
_a
NUST-CAE
_c
M
_c
20843
999
_c
280667
_d
280667